000 00496nam a2200157 4500
001 123605
003 ES-MaACL
007 t|
008 070214s1910 sp r ||||1| spa d
100 1 _aQuintana, Fidel.
_994658
245 1 0 _aResumen de las explicaciones de Derecho Natural en el Colegio de Estudios Superiores de Deusto /
_cpor Fidel Quintana.
250 _a2ª. ed.
260 _aBilbao :
_bLa Editorial Vizcaína,
_c1910.
300 _aXIX, 508 p. ;
_c21 cm.
852 _aES-MaACL
_jB-5651
999 _c123605
_d123605